Focus (Record no. 84373)

MARC details
000 -LEADER
fixed length control field 00739cab a22002295a 4500
001 - CONTROL NUMBER
control field L157415
008 - FIXED-LENGTH DATA ELEMENTS--GENERAL INFORMATION
fixed length control field 121128e20121124xxk 000 0 eng d
035 ## - SYSTEM CONTROL NUMBER
System control number (Sirsi) u157415
041 0# - LANGUAGE CODE
Language code of text/sound track or separate title eng
100 1# - MAIN ENTRY--PERSONAL NAME
Personal name Thame, David
245 00 - TITLE STATEMENT
Title Focus
Remainder of title Leisure
260 ## - PUBLICATION, DISTRIBUTION, ETC.
Date of publication, distribution, etc. 2012
490 ## - SERIES STATEMENT
Series statement Estates Gazette
Volume/sequential designation (1247) 24 November 2012, 69-83(12)
520 ## - SUMMARY, ETC.
Summary, etc. Includes information on the UK hotel sector, future plans for the pubs and hostel markets, developments in the new style boutique bowling and interest by some investors in the hostel market.
590 ## - LOCAL NOTE (RLIN)
Local note KA
651 #4 - SUBJECT ADDED ENTRY--GEOGRAPHIC NAME
Geographic name United Kingdom
690 ## - LOCAL SUBJECT ADDED ENTRY--TOPICAL TERM (OCLC, RLIN)
Topical term or geographic name as entry element Commercial property
9 (RLIN) 6227
700 1# - ADDED ENTRY--PERSONAL NAME
Personal name Wehner, Piers
700 1# - ADDED ENTRY--PERSONAL NAME
Personal name Quinn, David
700 1# - ADDED ENTRY--PERSONAL NAME
Personal name Worsley, Nicholas
942 ## - ADDED ENTRY ELEMENTS (KOHA)
Suppress in OPAC 0
Holdings
Withdrawn status Lost status Source of classification or shelving scheme Damaged status Not for loan Home library Current library Shelving location Date acquired Total Checkouts Full call number Barcode Date last seen Copy number Price effective from Koha item type
    Dewey Decimal Classification     London London Journal article 28/11/2012   L157415 157415-1001 06/08/2019 1 06/08/2019 Journal article